<A> Note on Games under Expected Utility with Rank Dependent Probabilities

Gespeichert in:
Bibliographische Detailangaben
1. Verfasser: Ritzberger, Klaus
Format: Buch
Sprache:Englisch
Veröffentlicht: Wien Institut für Höhere Studien 1994
Ausgabe:1. ed.
Schriftenreihe:Research Memorandum No. 342
Schlagworte:
Tags: Tag hinzufügen
Keine Tags, Fügen Sie das erste Tag hinzu!

MARC

LEADER 00000nam a2200000 4500
001 c005606
005 20221214074604.7
041 0 |a eng 
044 |a AT 
245 1 0 |a <A> Note on Games under Expected Utility with Rank Dependent Probabilities  |c Klaus Ritzberger 
250 |a 1. ed. 
264 1 |a Wien  |b Institut für Höhere Studien  |c 1994 
300 |a 20 s. 
490 1 |a Research Memorandum  |v No. 342 
830 0 |a Research Memorandum  |v No. 342 
610 2 0 |a metódy matematické 
610 2 0 |a pravdepodobnosť 
610 2 0 |a hry ekonomické 
100 1 |a Ritzberger, Klaus